[Event "Regionalliga SW 1516"]
[Site "Bayern"]
[Date "2016.03.13"]
[Round "8.5"]
[White "Nuessel, Georg"]
[Black "Trassl, Franz"]
[Result "0-1"]
[WhiteElo "2104"]
[BlackElo "2099"]
[PlyCount "76"]
[EventDate "2015.10.11"]
[EventType "team-tourn"]
[EventRounds "9"]
[EventCountry "GER"]
[SourceTitle "EXT 2018"]
[Source "ChessBase"]
[SourceDate "2017.10.13"]
[SourceVersion "1"]
[SourceVersionDate "2017.10.13"]
[SourceQuality "1"]
[WhiteTeam "Garching III"]
[BlackTeam "Krumbach"]
[WhiteTeamCountry "GER"]
[BlackTeamCountry "GER"]

1. c4 Nf6 2. Nc3 e6 3. g3 d5 4. Bg2 c6 5. b3 Bd6 6. e3 Nbd7 7. Nge2 dxc4 8. bxc4 Ne5 9. d3 Bb4 10. d4 Qa5 11. dxe5 Bxc3+ 12. Nxc3 Qxc3+ 13. Bd2 Qxe5 14. 0-0 0-0 15. Qc2 Qh5 16. Bc3 e5 17. f3 Be6 18. Rfe1 Nd7 19. c5 Rfd8 20. Bb2 f6 21. a4 e4 22. g4 Qg6 23. fxe4 Qg5 24. Bd4 Ne5 25. Qc3 Nxg4 26. h3 Ne5 27. Kf2 Qh4+ 28. Kg1 Bxh3 29. Bxe5 Bxg2 30. Bxf6 gxf6 31. Kxg2 Qxe4+ 32. Kf2 Qh4+ 33. Kf3 Rd5 34. Rg1+ Kf8 35. Rg2 Rf5+ 36. Ke2 Qh5+ 37. Kd3 Rd8+ 38. Ke4 Qf3# 0-1

[Event "Regionalliga SW 1516"]
[Site "Bayern"]
[Date "2016.01.17"]
[Round "5.6"]
[White "Barth, Erik"]
[Black "Trassl, Franz"]
[Result "0-1"]
[WhiteElo "1857"]
[BlackElo "2099"]
[PlyCount "68"]
[EventDate "2015.10.11"]
[EventType "team-tourn"]
[EventRounds "9"]
[EventCountry "GER"]
[SourceTitle "EXT 2018"]
[Source "ChessBase"]
[SourceDate "2017.10.13"]
[SourceVersion "1"]
[SourceVersionDate "2017.10.13"]
[SourceQuality "1"]
[WhiteTeam "Tuerkheim/Bad Woerishofen"]
[BlackTeam "Krumbach"]
[WhiteTeamCountry "GER"]
[BlackTeamCountry "GER"]

1. c4 e6 2. g3 d5 3. Bg2 Nf6 4. Nf3 dxc4 5. Qa4+ Bd7 6. Qxc4 Bc6 7. 0-0 Be7 8. Nc3 Nbd7 9. d4 Nd5 10. Re1 N7b6 11. Qd3 Nxc3 12. bxc3 Qd5 13. e4 Qb5 14. Qc2 Qa4 15. Qb3 0-0 16. Ne5 Be8 17. Bf1 c5 18. Qb2 cxd4 19. cxd4 Rc8 20. Bd3 Bb4 21. Rf1 Bc3 22. Qb1 Bxa1 23. Qxa1 Bb5 24. Bxb5 Qxb5 25. Ba3 Rfd8 26. Qd1 f6 27. Ng4 Qd7 28. d5 exd5 29. exd5 Qxd5 30. Nxf6+ gxf6 31. Qg4+ Kh8 32. Bb2 Qf7 33. Qg5 Rc6 34. Re1 Nc4 0-1

[Event "Regionalliga SW 1415"]
[Site "Bayern"]
[Date "2015.02.22"]
[Round "7.1"]
[White "Schmidbauer, Martin Daniel"]
[Black "Trassl, Franz"]
[Result "1-0"]
[WhiteElo "2214"]
[BlackElo "2099"]
[PlyCount "63"]
[EventDate "2014.10.19"]
[EventType "team-tourn"]
[EventRounds "9"]
[EventCountry "GER"]
[SourceTitle "EXT 2018"]
[Source "ChessBase"]
[SourceDate "2017.10.13"]
[SourceVersion "1"]
[SourceVersionDate "2017.10.13"]
[SourceQuality "1"]
[WhiteTeam "MSA Zugzwang II"]
[BlackTeam "Krumbach"]
[WhiteTeamCountry "GER"]
[BlackTeamCountry "GER"]

1. e4 c5 2. Nf3 e6 3. d4 cxd4 4. Nxd4 Nc6 5. g3 Qb6 6. Nb3 Nf6 7. Bg2 a6 8. 0-0 Be7 9. Nc3 d6 10. a4 Bd7 11. Be3 Qc7 12. f4 Nb4 13. a5 Rc8 14. Rf2 0-0 15. g4 d5 16. Bb6 Qb8 17. g5 Ne8 18. exd5 Bd6 19. Qd2 exd5 20. Rd1 Bg4 21. Re1 Nc7 22. h3 Bd7 23. Ne4 Ne6 24. Nxd6 Qxd6 25. c3 Ba4 26. Na1 Na2 27. f5 Nc5 28. Bxd5 Qg3+ 29. Rg2 Qxh3 30. g6 Nd7 31. gxf7+ Kh8 32. Qg5 1-0

[Event "Regionalliga SW 1415"]
[Site "Bayern"]
[Date "2014.11.09"]
[Round "2.1"]
[White "Trassl, Franz"]
[Black "Bossov, Ahmed"]
[Result "1/2-1/2"]
[WhiteElo "2099"]
[BlackElo "2195"]
[PlyCount "119"]
[EventDate "2014.10.19"]
[EventType "team-tourn"]
[EventRounds "9"]
[EventCountry "GER"]
[SourceTitle "EXT 2018"]
[Source "ChessBase"]
[SourceDate "2017.10.13"]
[SourceVersion "1"]
[SourceVersionDate "2017.10.13"]
[SourceQuality "1"]
[WhiteTeam "Krumbach"]
[BlackTeam "Solln"]
[WhiteTeamCountry "GER"]
[BlackTeamCountry "GER"]

1. d4 d5 2. Nf3 c6 3. c4 Nf6 4. Nc3 a6 5. cxd5 cxd5 6. Bf4 Nc6 7. e3 e6 8. Bd3 Be7 9. h3 0-0 10. Rc1 Bd7 11. 0-0 Ne8 12. Ne5 Nxe5 13. Bxe5 Bc6 14. a3 f6 15. Bg3 Bd6 16. Bxd6 Nxd6 17. Qh5 f5 18. Qe2 Qh4 19. f4 g5 20. Qf2 Qxf2+ 21. Kxf2 gxf4 22. exf4 h5 23. Ke3 Kf7 24. g3 Nc4+ 25. Bxc4 dxc4 26. Rg1 Rg8 27. Nd1 Bd5 28. Kf2 b5 29. Ne3 Be4 30. Nd1 Rad8 31. Ke3 Bd5 32. Nf2 Rb8 33. g4 hxg4 34. hxg4 Rh8 35. Rg3 b4 36. a4 c3 37. Nd3 fxg4 38. bxc3 Rh3 39. Rxh3 gxh3 40. Nxb4 Rxb4 41. cxb4 h2 42. Kd3 Kf6 43. b5 axb5 44. axb5 Kf5 45. Rf1 Bg2 46. Rc1 Kxf4 47. Kc4 h1Q 48. Rxh1 Bxh1 49. Kc5 Bd5 50. Kd6 Kf5 51. b6 Kf6 52. Kd7 Kf5 53. Kd6 Bb7 54. Ke7 Bc8 55. Kd6 Kf6 56. Kc7 Ba6 57. b7 Bxb7 58. Kxb7 Kf5 59. Kc6 Ke4 60. Kd6 1/2-1/2

[Event "Regionalliga SW 1415"]
[Site "Bayern"]
[Date "2014.10.19"]
[Round "1.1"]
[White "Trassl, Franz"]
[Black "Rogobete, Nikolas Johann"]
[Result "1-0"]
[WhiteElo "2099"]
[BlackElo "2082"]
[PlyCount "115"]
[EventDate "2014.10.19"]
[EventType "team-tourn"]
[EventRounds "9"]
[EventCountry "GER"]
[SourceTitle "EXT 2018"]
[Source "ChessBase"]
[SourceDate "2017.10.13"]
[SourceVersion "1"]
[SourceVersionDate "2017.10.13"]
[SourceQuality "1"]
[WhiteTeam "Krumbach"]
[BlackTeam "Tuerkheim/Bad Woerishofen"]
[WhiteTeamCountry "GER"]
[BlackTeamCountry "GER"]

1. Nf3 c5 2. d4 cxd4 3. Nxd4 Nc6 4. c4 g6 5. Nc3 Bg7 6. Nc2 Nf6 7. e4 0-0 8. Be2 d6 9. 0-0 Be6 10. b3 Rc8 11. Rb1 a6 12. f3 Nd7 13. Nd5 Qa5 14. a3 b5 15. Bd2 Qd8 16. Nf4 Nde5 17. Nxe6 fxe6 18. f4 Nd7 19. Be3 Nf6 20. cxb5 axb5 21. Bxb5 Nxe4 22. Bxc6 Rxc6 23. Nd4 Bxd4 24. Qxd4 Nc3 25. Rbe1 Qc8 26. Bc1 Ne2+ 27. Rxe2 Rxc1 28. Ree1 Rc2 29. Qe4 Rf6 30. a4 Qc3 31. Re3 Qb2 32. a5 d5 33. Qf3 d4 34. Rd3 e5 35. a6 Qa2 36. Qd5+ Kg7 37. Qb7 Qxa6 38. Qxe7+ Kg8 39. Rh3 h5 40. Qxe5 Qc6 41. Rhf3 d3 42. Qe3 Rd6 43. f5 Re2 44. Qh6 Qc2 45. Rg3 Qc5+ 46. Kh1 Qf2 47. Rxg6+ Rxg6 48. Qxg6+ Kf8 49. Qd6+ Ke8 50. Qb8+ Kf7 51. Qc7+ Ke8 52. Qc6+ Kf8 53. Qc8+ Ke7 54. f6+ Kd6 55. Qd8+ Kc6 56. Qc8+ Kd6 57. Qa6+ Kd7 58. Qxd3+ 1-0

[Event "Landesliga Sued 1314"]
[Site "Bayern"]
[Date "2014.03.16"]
[Round "8.3"]
[White "Straub, Juergen"]
[Black "Trassl, Franz"]
[Result "1-0"]
[WhiteElo "2201"]
[BlackElo "2179"]
[PlyCount "83"]
[EventDate "2013.10.13"]
[EventType "team-tourn"]
[EventRounds "9"]
[EventCountry "GER"]
[SourceTitle "EXT 2015"]
[Source "ChessBase"]
[SourceDate "2014.11.20"]
[SourceVersion "1"]
[SourceVersionDate "2014.11.20"]
[SourceQuality "1"]
[WhiteTeam "Ingolstadt"]
[BlackTeam "Krumbach"]
[WhiteTeamCountry "GER"]
[BlackTeamCountry "GER"]

1. e4 g6 2. d4 Bg7 3. Nc3 d6 4. Bc4 c6 5. Nf3 Nf6 6. Qe2 b5 7. Bd3 0-0 8. h3 b4 9. Nb1 Qb6 10. 0-0 Ba6 11. c4 bxc3 12. Nxc3 Nfd7 13. Bxa6 Qxa6 14. Re1 Qxe2 15. Rxe2 c5 16. Nd5 Nc6 17. Bg5 Rae8 18. dxc5 Nxc5 19. Rc1 a5 20. e5 f6 21. exf6 exf6 22. Rxe8 Rxe8 23. Nxf6+ Bxf6 24. Bxf6 Re2 25. Nd4 Nxd4 26. Bxd4 Ne6 27. Bc3 d5 28. Kf1 Re4 29. Re1 Rxe1+ 30. Kxe1 a4 31. Ke2 Kf7 32. Ke3 Ke7 33. f4 Kd6 34. Bd4 Nd8 35. g4 Ke6 36. b3 axb3 37. axb3 Nc6 38. Bc5 Na5 39. b4 Nb7 40. Kd4 Nd8 41. b5 Nb7 42. Bb4 1-0

[Event "Landesliga Sued 1314"]
[Site "Bayern"]
[Date "2014.02.09"]
[Round "6.3"]
[White "Pierecker, Markus"]
[Black "Trassl, Franz"]
[Result "1/2-1/2"]
[WhiteElo "2160"]
[BlackElo "2179"]
[PlyCount "43"]
[EventDate "2013.10.13"]
[EventType "team-tourn"]
[EventRounds "9"]
[EventCountry "GER"]
[SourceTitle "EXT 2015"]
[Source "ChessBase"]
[SourceDate "2014.11.20"]
[SourceVersion "1"]
[SourceVersionDate "2014.11.20"]
[SourceQuality "1"]
[WhiteTeam "Weilheim"]
[BlackTeam "Krumbach"]
[WhiteTeamCountry "GER"]
[BlackTeamCountry "GER"]

1. d4 Nf6 2. Nf3 e6 3. c4 b6 4. g3 Bb7 5. Bg2 Be7 6. Nc3 0-0 7. 0-0 Ne4 8. Qc2 Nxc3 9. Qxc3 d6 10. b3 c5 11. Bb2 Bf6 12. Qd2 Nc6 13. Rad1 Qe7 14. d5 exd5 15. Bxf6 Qxf6 16. Qxd5 Rfe8 17. Rfe1 Rad8 18. Qg5 Qc3 19. Qd2 Qf6 20. Qg5 Qc3 21. Rd3 Qa5 22. Rd2 1/2-1/2

[Event "Landesliga Sued 1213"]
[Site "Bayern"]
[Date "2013.04.14"]
[Round "9.3"]
[White "Trassl, Franz"]
[Black "Eggerer, Stefan"]
[Result "0-1"]
[WhiteElo "2100"]
[BlackElo "2205"]
[PlyCount "84"]
[EventDate "2012.10.14"]
[EventType "team-tourn"]
[EventRounds "9"]
[EventCountry "GER"]
[SourceTitle "EXT 2015"]
[Source "ChessBase"]
[SourceDate "2014.11.20"]
[SourceVersion "1"]
[SourceVersionDate "2014.11.20"]
[SourceQuality "1"]
[WhiteTeam "Krumbach"]
[BlackTeam "Freising"]
[WhiteTeamCountry "GER"]
[BlackTeamCountry "GER"]

1. d4 d6 2. g3 e5 3. c3 Nc6 4. Bg2 Bd7 5. Nf3 g6 6. Qb3 Qc8 7. 0-0 Bg7 8. dxe5 dxe5 9. Ng5 Nh6 10. Nd2 0-0 11. Nde4 b6 12. Nf3 Ng4 13. h3 Nf6 14. Nxf6+ Bxf6 15. Bh6 Bg7 16. Bxg7 Kxg7 17. Qd5 f6 18. Rad1 Rf7 19. h4 Qe8 20. Nd2 Rb8 21. Nb3 Nd8 22. Nc1 Be6 23. Qd2 Rd7 24. Qc2 Rxd1 25. Rxd1 Nf7 26. b3 Rd8 27. Bf3 Bf5 28. e4 Be6 29. Ne2 Qe7 30. c4 Rxd1+ 31. Qxd1 Nd8 32. Qd2 Nc6 33. Kf1 a5 34. Ke1 a4 35. Nc3 Nd4 36. Bd1 axb3 37. axb3 Qa3 38. Nb5 Nxb5 39. cxb5 Qc5 40. Qc2 Qb4+ 41. Qd2 Qxe4+ 42. Qe3 Qb4+ 0-1

[Event "Landesliga Sued 1213"]
[Site "Bayern"]
[Date "2013.01.13"]
[Round "5.5"]
[White "Trassl, Franz"]
[Black "Koch, Enrico"]
[Result "1/2-1/2"]
[WhiteElo "2100"]
[BlackElo "1933"]
[PlyCount "32"]
[EventDate "2012.10.14"]
[EventType "team-tourn"]
[EventRounds "9"]
[EventCountry "GER"]
[SourceTitle "EXT 2015"]
[Source "ChessBase"]
[SourceDate "2014.11.20"]
[SourceVersion "1"]
[SourceVersionDate "2014.11.20"]
[SourceQuality "1"]
[WhiteTeam "Krumbach"]
[BlackTeam "Muenchen Tarrasch II"]
[WhiteTeamCountry "GER"]
[BlackTeamCountry "GER"]

1. d4 d5 2. Bf4 Nf6 3. e3 c6 4. Bd3 Nbd7 5. c3 g6 6. Nf3 Bg7 7. h3 0-0 8. 0-0 Re8 9. Nbd2 e6 10. b4 a5 11. a3 Qe7 12. e4 dxe4 13. Nxe4 Nxe4 14. Bxe4 e5 15. Bg5 Qd6 16. Bc2 exd4 1/2-1/2

[Event "Landesliga Sued 1112"]
[Site "Bayern"]
[Date "2011.12.11"]
[Round "4.5"]
[White "Buchner, Rudolf"]
[Black "Trassl, Franz"]
[Result "1/2-1/2"]
[WhiteElo "2226"]
[BlackElo "2118"]
[PlyCount "126"]
[EventDate "2011.10.02"]
[EventType "team-tourn"]
[EventRounds "9"]
[EventCountry "GER"]
[SourceTitle "EXT 2013"]
[Source "ChessBase"]
[SourceDate "2012.11.22"]
[SourceVersion "1"]
[SourceVersionDate "2012.11.22"]
[SourceQuality "1"]
[WhiteTeam "Muenchen Tarrasch II"]
[BlackTeam "Krumbach"]
[WhiteTeamCountry "GER"]
[BlackTeamCountry "GER"]

1. e4 g6 2. d4 Bg7 3. Nc3 d6 4. Nf3 c6 5. a4 Nf6 6. Be2 Bg4 7. 0-0 0-0 8. Be3 Na6 9. Qd2 Qc7 10. Rad1 Rfd8 11. Rfe1 Bxf3 12. Bxf3 Qa5 13. Nd5 Qxd2 14. Nxf6+ Bxf6 15. Rxd2 e6 16. Be2 d5 17. e5 Be7 18. c3 Rdc8 19. b4 Nb8 20. Rb1 Nd7 21. a5 b6 22. Ra2 b5 23. Bh6 Bf8 24. Bxf8 Rxf8 25. Bg4 h5 26. Bh3 Kg7 27. Re1 g5 28. f3 Rg8 29. g3 Rh8 30. Rf2 Rae8 31. f4 g4 32. Bg2 f5 33. exf6+ Kxf6 34. Rfe2 Re7 35. h3 Rg8 36. Re3 Rgg7 37. hxg4 hxg4 38. Bf1 Rh7 39. Be2 Rhg7 40. Kg2 Nf8 41. Re5 Rg6 42. Bd3 Rh6 43. Bc2 Rg7 44. Rf1 Nd7 45. Re3 Rg8 46. Rfe1 Nf8 47. Bd1 Kf7 48. Re5 Kf6 49. Rf1 Nd7 50. Rg5 Rhg6 51. Rh5 Ke7 52. f5 exf5 53. Rhxf5 Rf6 54. Re1+ Re6 55. Rxe6+ Kxe6 56. Rh5 Nf6 57. Re5+ Kd6 58. Bc2 Re8 59. Rxe8 Nxe8 60. Kf2 Nf6 61. Ke3 Nh5 62. Kf2 Nf6 63. Ke3 Nh5 1/2-1/2

[Event "BL2-Sued 1011"]
[Site "Germany"]
[Date "2011.03.20"]
[Round "8.5"]
[White "Trassl, Franz"]
[Black "Thoma, Christian"]
[Result "0-1"]
[WhiteElo "2205"]
[BlackElo "2269"]
[PlyCount "76"]
[EventDate "2010.10.10"]
[EventType "team-tourn"]
[EventRounds "9"]
[EventCountry "GER"]
[SourceTitle "EXT 2012"]
[Source "ChessBase"]
[SourceDate "2011.11.24"]
[SourceVersion "1"]
[SourceVersionDate "2011.11.24"]
[SourceQuality "1"]
[WhiteTeam "Krumbach"]
[BlackTeam "Schmiden Cannstatt"]
[WhiteTeamCountry "GER"]
[BlackTeamCountry "GER"]

1. e4 c5 2. Nf3 d6 3. Bb5+ Nd7 4. 0-0 Ngf6 5. Re1 a6 6. Bf1 e6 7. c3 Be7 8. d4 0-0 9. Nbd2 cxd4 10. cxd4 b5 11. e5 dxe5 12. dxe5 Nd5 13. Ne4 Bb7 14. Bd3 Qc7 15. Bd2 Rac8 16. a3 h6 17. Nc3 N5b6 18. Rc1 Nc4 19. Bxc4 bxc4 20. Nd4 Nxe5 21. Qh5 Nd3 22. Bxh6 Nxe1 23. Bxg7 Kxg7 24. Qg4+ Kh6 25. Rxe1 Rg8 26. Qh3+ Kg7 27. Rxe6 Kf8 28. g3 Qd7 29. Qh6+ Ke8 30. Qh7 Rf8 31. Ne4 Qxd4 32. Rxe7+ Kxe7 33. Qh4+ Ke6 34. Qg4+ f5 35. Ng5+ Kd5 36. Qf3+ Kd6 37. Qxb7 Qd1+ 38. Kg2 Qd5+ 0-1

[Event "BL2-Sued 1011"]
[Site "Germany"]
[Date "2011.02.27"]
[Round "7.5"]
[White "Gerigk, Erasmus"]
[Black "Trassl, Franz"]
[Result "1-0"]
[WhiteElo "2339"]
[BlackElo "2205"]
[PlyCount "75"]
[EventDate "2010.10.10"]
[EventType "team-tourn"]
[EventRounds "9"]
[EventCountry "GER"]
[SourceTitle "EXT 2012"]
[Source "ChessBase"]
[SourceDate "2011.11.24"]
[SourceVersion "1"]
[SourceVersionDate "2011.11.24"]
[SourceQuality "1"]
[WhiteTeam "Heidelberg Handschuhsheim"]
[BlackTeam "Krumbach"]
[WhiteTeamCountry "GER"]
[BlackTeamCountry "GER"]

1. e4 g6 2. d4 Bg7 3. Nc3 c5 4. dxc5 Bxc3+ 5. bxc3 Qa5 6. Rb1 Qxc3+ 7. Qd2 Qxc5 8. Rb5 Qc7 9. Bb2 f6 10. f4 a6 11. Rb3 d6 12. Rc3 Nc6 13. Bc4 Bd7 14. Nf3 b5 15. Bd5 Qb6 16. Re3 Rd8 17. 0-0 Nh6 18. Kh1 a5 19. a3 Rf8 20. Re2 b4 21. a4 Bc8 22. Ree1 Ba6 23. Rg1 Qc5 24. Nd4 Nxd4 25. Bxd4 Qc7 26. Qf2 Qd7 27. Bb3 Bb7 28. Bb6 Ra8 29. Qh4 Nf7 30. Qxh7 Qg4 31. Rgf1 Qh5 32. Qg7 Bc6 33. Rf3 Bd7 34. e5 dxe5 35. fxe5 e6 36. Rxf6 Rc8 37. Bxe6 Bxe6 38. Rxe6+ 1-0

[Event "BL2-Sued 1011"]
[Site "Germany"]
[Date "2010.10.10"]
[Round "1.6"]
[White "Postoev Birkenberg, Alexander"]
[Black "Trassl, Franz"]
[Result "1-0"]
[WhiteElo "2309"]
[BlackElo "2205"]
[PlyCount "67"]
[EventDate "2010.10.10"]
[EventType "team-tourn"]
[EventRounds "9"]
[EventCountry "GER"]
[SourceTitle "EXT 2012"]
[Source "ChessBase"]
[SourceDate "2011.11.24"]
[SourceVersion "1"]
[SourceVersionDate "2011.11.24"]
[SourceQuality "1"]
[WhiteTeam "Hockenheim"]
[BlackTeam "Krumbach"]
[WhiteTeamCountry "GER"]
[BlackTeamCountry "GER"]

1. d4 Nf6 2. c4 d6 3. Nc3 c6 4. g3 g6 5. Bg2 Bg7 6. e4 0-0 7. Nge2 e5 8. h3 a6 9. a4 a5 10. 0-0 Na6 11. Be3 Qe7 12. Qd2 exd4 13. Bxd4 Nc5 14. Qc2 Re8 15. Rfe1 Nfd7 16. Bxg7 Kxg7 17. Rad1 Ne5 18. b3 f5 19. Nd4 fxe4 20. Nxe4 Nxe4 21. Qxe4 Qg5 22. f4 Qxg3 23. Ne2 Qxb3 24. fxe5 Bf5 25. Qh4 Rxe5 26. Nd4 Qxa4 27. Nxf5+ gxf5 28. Rxe5 Qxd1+ 29. Re1 Qd2 30. Re7+ Kg6 31. Qxh7+ Kg5 32. Rg7+ Kf6 33. Rg6+ Ke5 34. Qg7+ 1-0

[Event "BL2-Sued 0910"]
[Site "Germany"]
[Date "2010.04.11"]
[Round "9.7"]
[White "Bogner, Norbert"]
[Black "Trassl, Franz"]
[Result "0-1"]
[WhiteElo "2074"]
[BlackElo "2182"]
[PlyCount "42"]
[EventDate "2009.10.18"]
[EventType "team-tourn"]
[EventRounds "9"]
[EventCountry "GER"]
[SourceTitle "EXT 2011"]
[Source "ChessBase"]
[SourceDate "2010.11.26"]
[SourceVersion "1"]
[SourceVersionDate "2010.11.26"]
[SourceQuality "1"]
[WhiteTeam "Neuhausen"]
[BlackTeam "Krumbach"]
[WhiteTeamCountry "GER"]
[BlackTeamCountry "GER"]

1. d4 g6 2. c4 Bg7 3. Nc3 c5 4. Nf3 cxd4 5. Nxd4 Nc6 6. e3 Nf6 7. Be2 0-0 8. 0-0 d6 9. a3 Bd7 10. b4 Rc8 11. f4 Nxd4 12. exd4 Be6 13. d5 Nxd5 14. cxd5 Bf5 15. Be3 Rxc3 16. Bf2 Qc7 17. Ra2 Rc8 18. h3 a6 19. Bf3 Qc4 20. Rd2 Rxa3 21. Bd4 Bc2 0-1

[Event "BL2-Sued 0910"]
[Site "Germany"]
[Date "2010.02.28"]
[Round "7.8"]
[White "Trassl, Franz"]
[Black "Flierl, Pascal"]
[Result "1-0"]
[WhiteElo "2182"]
[BlackElo "2227"]
[PlyCount "77"]
[EventDate "2009.10.18"]
[EventType "team-tourn"]
[EventRounds "9"]
[EventCountry "GER"]
[SourceTitle "EXT 2011"]
[Source "ChessBase"]
[SourceDate "2010.11.26"]
[SourceVersion "1"]
[SourceVersionDate "2010.11.26"]
[SourceQuality "1"]
[WhiteTeam "Krumbach"]
[BlackTeam "Schwegenheim"]
[WhiteTeamCountry "GER"]
[BlackTeamCountry "GER"]

1. Nf3 Nf6 2. d4 e6 3. Bg5 Be7 4. e3 0-0 5. Bd3 b6 6. 0-0 Bb7 7. Nbd2 d5 8. Ne5 Ne4 9. Bxe7 Qxe7 10. f4 Nxd2 11. Qxd2 f6 12. Ng4 Nd7 13. Rf3 f5 14. Ne5 Nxe5 15. fxe5 Rf7 16. Raf1 Raf8 17. Qf2 g6 18. Rg3 Rg7 19. Rf3 Rgf7 20. h4 h5 21. Rg3 Rg7 22. Rg5 Bc6 23. Qd2 Qd7 24. Qe2 Qe7 25. Rf3 Be8 26. Rfg3 Kh7 27. Qd2 a5 28. Be2 Rgg8 29. Qd1 Kh6 30. Bxh5 f4 31. exf4 gxh5 32. Rxg8 Rxg8 33. Rxg8 Qf7 34. Rg5 Qxf4 35. Qf3 Qxd4+ 36. Qf2 Qxf2+ 37. Kxf2 Bg6 38. c3 c5 39. Ke3 1-0

[Event "Oberliga Bayern 0809"]
[Site "Bayern"]
[Date "2009.03.29"]
[Round "9.8"]
[White "Lindenberg, Georg"]
[Black "Trassl, Franz"]
[Result "1/2-1/2"]
[WhiteElo "2086"]
[BlackElo "2111"]
[PlyCount "93"]
[EventDate "2008.10.05"]
[EventType "team-tourn"]
[EventRounds "9"]
[EventCountry "GER"]
[SourceTitle "EXT 2020"]
[Source "ChessBase"]
[SourceDate "2019.10.17"]
[SourceVersion "1"]
[SourceVersionDate "2019.10.17"]
[SourceQuality "1"]
[WhiteTeam "Pang/Rosenheim"]
[BlackTeam "Krumbach"]
[WhiteTeamCountry "GER"]
[BlackTeamCountry "GER"]

1. e4 g6 2. d4 Bg7 3. Nf3 d6 4. c3 c6 5. Bd3 Qc7 6. 0-0 Nf6 7. h3 0-0 8. Be3 Nbd7 9. Nbd2 e5 10. dxe5 Nxe5 11. Nxe5 dxe5 12. c4 Nh5 13. c5 Nf4 14. Bc4 Rd8 15. Qb3 Ne6 16. Bxe6 Bxe6 17. Qc2 Rd7 18. Rfd1 Rad8 19. Nb3 h6 20. Rxd7 Qxd7 21. Na5 f5 22. f3 Kh7 23. b3 f4 24. Bf2 g5 25. Kf1 h5 26. Ke2 g4 27. hxg4 hxg4 28. Rd1 Qc7 29. Rxd8 Qxd8 30. Nxb7 Qc7 31. Nd6 Qa5 32. fxg4 Bxg4+ 33. Kf1 Qd8 34. b4 Qg5 35. Nf5 f3 36. gxf3 Bxf3 37. Nh4 Bg4 38. b5 cxb5 39. c6 Bf8 40. Qc3 Qg8 41. c7 Bd6 42. Nf5 Bxf5 43. exf5 Qc8 44. Qh3+ Kg8 45. Qb3+ Kf8 46. Qxb5 Qxc7 47. Qd5 1/2-1/2

[Event "Oberliga Bayern 0809"]
[Site "Bayern"]
[Date "2009.03.01"]
[Round "7.7"]
[White "Trassl, Franz"]
[Black "Heimrath, Reiner"]
[Result "0-1"]
[WhiteElo "2111"]
[BlackElo "2179"]
[PlyCount "128"]
[EventDate "2008.10.05"]
[EventType "team-tourn"]
[EventRounds "9"]
[EventCountry "GER"]
[SourceTitle "EXT 2020"]
[Source "ChessBase"]
[SourceDate "2019.10.17"]
[SourceVersion "1"]
[SourceVersionDate "2019.10.17"]
[SourceQuality "1"]
[WhiteTeam "Krumbach"]
[BlackTeam "Nuernberg NT"]
[WhiteTeamCountry "GER"]
[BlackTeamCountry "GER"]

1. Nf3 d6 2. e4 e5 3. Nc3 c6 4. d4 Nd7 5. Bc4 Be7 6. Be3 Ngf6 7. Bb3 0-0 8. 0-0 b6 9. Nd2 Ba6 10. Re1 Rc8 11. f3 b5 12. Qe2 Qa5 13. Qf2 exd4 14. Bxd4 c5 15. Be3 c4 16. Nd5 Nxd5 17. exd5 Bb7 18. c3 cxb3 19. axb3 Qd8 20. c4 a6 21. Rac1 Re8 22. Ne4 f5 23. Ng3 Bh4 24. Qd2 Qf6 25. Red1 Bxg3 26. hxg3 h6 27. Bd4 Qg5 28. Qf2 Nc5 29. Bxc5 Rxc5 30. f4 Qg4 31. Rd2 Qg6 32. Rdc2 b4 33. Re1 Rcc8 34. Rce2 Rxe2 35. Rxe2 Re8 36. Rxe8+ Qxe8 37. Qb6 Qe1+ 38. Kh2 Qe7 39. Qxb4 g5 40. Qd2 Kf7 41. Qd4 gxf4 42. gxf4 Bc8 43. Qh8 Qf8 44. Qd4 Qd8 45. g3 a5 46. Kh3 Bd7 47. Qe3 Qb8 48. Qc3 Qb6 49. Kg2 Ke7 50. Qg7+ Kd8 51. Qc3 Kc7 52. Kf1 Qb4 53. Qd3 a4 54. bxa4 Qxb2 55. Qe3 Qa1+ 56. Kg2 Qa2+ 57. Kh3 Qxc4 58. Kh4 Qxd5 59. Qc3+ Qc6 60. Qa5+ Kc8 61. Kh5 Be8+ 62. Kxh6 d5+ 63. Kg7 Qg6+ 64. Kh8 Qf6+ 0-1

[Event "Oberliga Bayern 0809"]
[Site "Bayern"]
[Date "2008.10.26"]
[Round "2.5"]
[White "Trassl, Franz"]
[Black "Seeger, Werner"]
[Result "1/2-1/2"]
[WhiteElo "2111"]
[BlackElo "2012"]
[PlyCount "30"]
[EventDate "2008.10.05"]
[EventType "team-tourn"]
[EventRounds "9"]
[EventCountry "GER"]
[SourceTitle "EXT 2020"]
[Source "ChessBase"]
[SourceDate "2019.10.17"]
[SourceVersion "1"]
[SourceVersionDate "2019.10.17"]
[SourceQuality "1"]
[WhiteTeam "Krumbach"]
[BlackTeam "Burgsinn"]
[WhiteTeamCountry "GER"]
[BlackTeamCountry "GER"]

1. d4 d5 2. Nf3 Nf6 3. Bf4 e6 4. e3 Be7 5. Bd3 Nbd7 6. Nbd2 c5 7. c3 Nh5 8. Bg3 Nxg3 9. hxg3 f5 10. Ne5 Nxe5 11. dxe5 Qc7 12. Bb5+ Bd7 13. Qa4 a6 14. Bxd7+ Qxd7 15. Qxd7+ Kxd7 1/2-1/2

[Event "Landesliga Sued 0708"]
[Site "Bayern"]
[Date "2008.03.09"]
[Round "7.6"]
[White "Nuber, Blasius"]
[Black "Trassl, Franz"]
[Result "1-0"]
[WhiteElo "2089"]
[BlackElo "2158"]
[PlyCount "61"]
[EventDate "2007.10.21"]
[EventType "team-tourn"]
[EventRounds "9"]
[EventCountry "GER"]
[SourceTitle "EXT 2009"]
[Source "ChessBase"]
[SourceDate "2008.11.26"]
[SourceVersion "1"]
[SourceVersionDate "2008.11.26"]
[SourceQuality "1"]
[WhiteTeam "Dillingen"]
[BlackTeam "Krumbach"]
[WhiteTeamCountry "GER"]
[BlackTeamCountry "GER"]

1. e4 g6 2. d4 Bg7 3. Nf3 d6 4. Bc4 Nf6 5. Qe2 Nc6 6. e5 Ng4 7. h3 Nh6 8. g4 dxe5 9. dxe5 Nd4 10. Nxd4 Qxd4 11. Nc3 c6 12. Bb3 Be6 13. Bxe6 fxe6 14. f4 g5 15. Be3 Qb4 16. 0-0-0 gxf4 17. Rd4 Qa5 18. Bxf4 Nf7 19. Re1 b5 20. Qe4 Rc8 21. Red1 0-0 22. Kb1 Rfd8 23. Rxd8+ Nxd8 24. Rd7 b4 25. Ne2 Nf7 26. Rxe7 Rd8 27. Qxc6 Bxe5 28. Qxe6 Qd5 29. Re8+ Kg7 30. Bxe5+ Nxe5 31. Qxe5+ 1-0